000 00800nam a22001937a 4500
999 _c371633
_d371633
008 201127b ||||| |||| 00| 0 eng d
040 _aDE-2950
_bger
_cDE-2950
_erda
041 _ager
245 _aDenkmalgeschützte Mühle geht in Flammen auf.
_bBrand im Schlaubetal: Das beliebte Ausflugsziel in Bremsdorf stand in der Nacht zu Donnerstag in Flammen. Drei Personen waren in Gefahr /
_cFrank Groneberg
264 _c2022
653 _aBremsdorf
653 _aLandkreis Oder-Spree
653 _aGaststätte Bremsdorfer Mühle
773 _dFrankfurt (Oder) Märkisches Verlags- und Druckhaus GmbH & Co KG
_tMärkische Oderzeitung
_g33. Jahrgang (2022) Nr. 117 vom 20.05.2022, S. 18 + 21./22.05.2022, S. 20
942 _cA